000 006280000a22001930004500
001 768714001
003 CO-MdFUSB
005 20170421163101.0
008 170421s2003 cr ||||| |||| 00| 0 spa d
040 _aCO-MdFUSB
_bspa
_cCO-MdFUSB
_dCO-MdFUSB
041 _aspa
100 1 _aPinto, Carlos
_eautor
245 1 0 _a¿Es cierto que los niños se deprimen?
300 _aVolumen 5, número 18, (2003), Página 14
_c27 cm.
546 _aTexto en español
650 1 4 _aTRABAJO SOCIAL CON NIÑOS
773 0 _tAlcanzando a los Niños en Riesgo
_049458
_960578
_gVolumen 5, número 18, (2003), Página 14
_qPágina 14
942 _cANA
999 _c49634
_d49634